Liedtext - Ne Leiche - SDP - Statistiken

Allgemein
  • Dieses Quiz wurde 258 mal gespielt
  • Das Durchschnittsergebnis liegt bei 560 aus 775
Antwortstatistiken
Antwort % Korrekt
Leiche.
100%
Leiche
100%
Ich
99%
ich
99%
In
99%
in
99%
mein
99%
Mein
99%
ne
99%
'ne
99%
Keller
98%
Keller.
98%
meine
98%
liegt
97%
Liegt
97%
nich
97%
nich.
97%
es
96%
Es
96%
meinem
96%
Scheiße!
94%
doch
93%
Doch
93%
ein
93%
ein,
93%
ein.
93%
gewesen,
93%
gewesen
93%
gewesen.
93%
ist
93%
bin's
90%
da
90%
kann
90%
sie
90%
hab
89%
Wie
89%
wie
89%
einen
88%
beweisen.
87%
und
87%
Und
87%
auch
86%
hat
86%
los,
86%
los
86%
Opa.
86%
werde
86%
Blut,
85%
Blut
85%
getan.
85%
getan,
85%
jemand
85%
Plan?
85%
Plan.
85%
Überall
85%
So,
84%
so
84%
Toter.
83%
Auf
79%
auf,
79%
auf
79%
Sofa
76%
'en
70%
den
64%
im
64%
ma'
64%
ma,
64%
ma
64%
war
63%
wär
63%
nach
62%
er
61%
der
59%
die
58%
Die
58%
zu
58%
für
56%
dann
54%
Dann
54%
Mit
53%
mit
53%
das
52%
Das
52%
denn
50%
Denn
50%
Oder
50%
oder
50%
zum
50%
Garten
49%
'nen
49%
bau
48%
haben.
48%
sein
48%
dem
47%
leg
47%
ab,
46%
ab
46%
Ob
46%
ob
46%
Sarg
46%
Was
46%
alle,
45%
wenn
45%
große
44%
Kiste,
43%
Nachbar
43%
an
42%
gibt
42%
komm
42%
will
42%
Freunde
41%
kein
41%
lad'
41%
seinem
41%
sowas
41%
weiß
41%
Baumarkt,
40%
bloß
39%
Fleisch
39%
Motorsäge.
39%
sag:
39%
Sag
39%
Tag
39%
Tag.
39%
Leichen
38%
einfach
37%
jeder
37%
keiner
37%
nachfragen,
37%
reicht
37%
Schneemann
37%
Winter,
37%
zerlege,
37%
Beton.
36%
Boden
36%
fällt
36%
mach
36%
Mond.
36%
sehen
36%
anderen
35%
aus
35%
ihn
35%
jeden
35%
Rakete
35%
schieße
35%
Tiefkühltruhe,
35%
weil
35%
als
34%
baue
34%
bis
34%
gieß
34%
Haus
34%
hol
34%
ihm
34%
man
34%
nichts
34%
pack
34%
sterben?
34%
sterben
34%
war's
34%
bei.
33%
bei
33%
daraus
33%
glaub
33%
mich
33%
muss
33%
Nacht
33%
Barbecue.
32%
lege
32%
Politiker
32%
raus,
32%
schick
32%
Zimmer.
32%
Afghanistan,
31%
Bundestag,
31%
garnich
31%
konnte
31%
Laura.
31%
mir
31%
Teil
31%
viel
31%
aber
30%
bringen
30%
hätte
30%
Irak.
30%
Massen
30%
Max
30%
warte
30%
Wintergarten
30%
Couch.
29%
Geld
29%
jetzt?
29%
'nem
29%
rot
29%
umgebracht,
29%
wird
29%
Bett
28%
denkt
28%
denkt,
28%
jedem
28%
Leben.
28%
Organe
28%
wach
28%
werden.
28%
zwischen
28%
Aula.
27%
Einzelteile,
27%
färben?
27%
gehen,
27%
Häcksler
27%
hier
27%
Paketzusteller,
27%
sich?
27%
von
27%
dir
26%
Geldschein.
26%
kommen,
26%
mehr,
26%
zurück
26%
Arsch
25%
dieser
25%
Körperwelten.
25%
mache
25%
pennt.
25%
schleiche
25%
stell
25%
verkauf
25%
letzte
24%
Leute
24%
ganzes
23%
geGooglet,
23%
glauben,
23%
näher
23%
nass.
23%
rum
23%
Schädel
23%
Tresen,
23%
Weg
23%
Amoklauf
22%
Bad,
22%
bitte
22%
heimlich
22%
ihrem
22%
ins
22%
Kommt
22%
komplett
22%
Lieber
22%
Lösung
22%
meiner
22%
nächsten
22%
schlimmer.
22%
unter
22%
verpasst.
22%
Nein,
21%
schneid
21%
Scheibe
20%
soll'n
20%
Also
19%
aufm
19%
Brücke,
19%
deponier
19%
dicken
19%
hilft
19%
Pennern
19%
Schreiben
19%
selten.
19%
stört
19%
unbedingt
19%
Statuen
18%
Uri
18%
diesen
17%
Fleischerei.
17%
Geller.
17%
Sender,
17%
klar?
16%
Copperfield
15%
Ey
15%
mitt'n
11%
Keine übereinstimmenden Quizze gefunden
Verteilung der Resultate
Anzahl Personen mit jedem Resultat
Perzentil nach korrekt beantworteten Fragen
Ihre Resultats-Entwicklung
Sie haben dieses Quiz noch nicht gespielt